Statistics for Pretty Little Liars who said it

Click here to take the quiz!

General Stats

  • This quiz has been taken 2,017 times
  • The average score is 9 of 10

Answer Stats

HintAnswer% Correct
"When you love someone, it's worth fighting no matter what the odds are"Aria
99%
"For the record, if you hurt her I will crush your scones"Aria
99%
"I'm starting to think that b**tch has superpowers"Hanna
99%
"nothing works underwater. It's a scientific fact."Hanna
99%
"You know what they say about hope, breeds eternal misery"Spencer
99%
"What makes it okay is that we stick together"Emily
98%
"Do I look dead to you"Alison
97%
"pretending not to love you was the hardest thing I have ever done"toby
94%
"You have to be so careful these days it's like you cant trust anybody"Mona
85%
"The rich girls steal, the pretty girls lie, the smart girls play dumb, and the dumb girls spend their days trying to be all of the above"Caleb
79%

Score Distribution

Percentile by Number Answered

Percent of People with Each Score

Your Score History

You have not taken this quiz